• 首页
  • 本馆介绍
  • 公告通知
  • 最新文献
  • 馆藏检索
  • 电子资源
  • 读者导购
  • 参考咨询
  • 我的图书馆
  • 登录
  • 详细信息显示
  • 放入我的书架
  • 预约/预借图书
  • 作者相关作品
  • 分类相关作品
  • 丛书相关作品
  • 出版社相关作品

书目信息

  • 表格格式
  • 工作单格式
  • 卡片格式
题名:
果园、山林高效益散养土鸡技术问答
    
 
作者: 陈宗刚 , 倪印红 编著
分册:  
出版信息: 北京   科学技术文献出版社  2012
页数: 183页
开本: 21cm
丛书名:
单 册:
中图分类: S831.4-44
科图分类:
主题词: 鸡--饲养管理--问题解答 , 鸡 , 饲养管理
电子资源:
ISBN: 978-7-5023-7217-0
000 00971nam0 2200277 450
001 012015000392
005 20150914164042.92
010    @a978-7-5023-7217-0@dCNY15.00
100    @a20121203d2012 em y0chiy50 ea
101 0  @achi
102    @aCN@b110000
105    @aa z 000yy
106    @ar
200 1  @a果园、山林高效益散养土鸡技术问答@Aguo yuan 、 shan lin gao xiao yi san yang tu ji ji shu wen da@f陈宗刚,倪印红编著
210    @a北京@c科学技术文献出版社@d2012
215    @a183页@c图@d21cm
330    @a本书以问答的形式详细讲述了我国土鸡的优良品种、土鸡鸡场的选择与建造、土鸡的营养特点及饲料配合、土鸡的孵化和育雏、土鸡不同阶段的饲养管理、土鸡常见疾病的防治等问题。
606 0  @a鸡@x饲养管理@j问题解答
606 0  @a鸡
606 0  @a饲养管理
610 0  @a土鸡
690    @aS831.4-44@v5
701  0 @a陈宗刚@Achen zong gang@c(养殖)@4编著
701  0 @a倪印红@Ani yin hong@4编著
801  0 @aCN@b碧洲教育@c20150716
905    @a10447@f3@dS831.4-44@e116
    
    果园、山林高效益散养土鸡技术问答/陈宗刚,倪印红编著.-北京:科学技术文献出版社,2012
    183页:图;21cm
    
    
    ISBN 978-7-5023-7217-0:CNY15.00
    本书以问答的形式详细讲述了我国土鸡的优良品种、土鸡鸡场的选择与建造、土鸡的营养特点及饲料配合、土鸡的孵化和育雏、土鸡不同阶段的饲养管理、土鸡常见疾病的防治等问题。
●
相关链接 在E读中查询图书 在五车中查询图书 在当当中查询图书 在豆瓣中查询图书


正题名:果园、山林高效益散养土鸡技术问答     索取号:S831.4-44/116         预约/预借

序号 登录号 条形码 馆藏地/架位号 状态 备注
1 0849479   208494798   第二样本阅览室/ [索取号:S831.4-44/116] 在馆    
2 0849480   208494805   密集书库-生命科学系/ [索取号:S831.4-44/116] 在馆    
3 0849481   208494814   第三借阅区/ [索取号:S831.4-44/116] 在馆    
唐山师范学院图书馆 欢迎您!
大连网信软件有限公司© 版权所有